000 00635nam a2200229Ia 4500
003 OSt
005 20220923230320.0
006 a|||||r|||| 00| 0
007 ta
008 Pun
024 _a279,378
037 _cTextual
040 _aARTS
_cARTS
_bPun
041 _2Pun
_aPun
082 _aO153,2:g(Y:351), N9
100 _aਗਾਰਗੀ, ਬਲਵੰਤ
_9156290
245 0 _aਲੋਕ ਨਾਟਕ ਦਾ ਸੱਜਰਾ ਰੂਪ
260 _c1999
650 _aਪੰਜਾਬੀ ਸਾਹਿਤ
942 _hO153,2:g(Y:351), N9
_cTEXL
_2CC
999 _c383892
_d383892